• 首页
  • 本馆介绍
  • 公告通知
  • 最新文献
  • 馆藏检索
  • 电子资源
  • 读者导购
  • 参考咨询
  • 我的图书馆
  • 登录
  • 详细信息显示
  • 放入我的书架
  • 预约/预借图书
  • 作者相关作品
  • 分类相关作品
  • 丛书相关作品
  • 出版社相关作品

书目信息

  • 表格格式
  • 工作单格式
  • 卡片格式
题名:
电动力学题解
    
 
作者: 林璇莫 , 张之翔 编著
分册:  
出版信息: 北京   科学出版社  1999
页数: 543页
开本: 20cm
丛书名:
单 册:
中图分类: O442-44
科图分类:
主题词: 电磁学 , 电动力学
电子资源:
ISBN: 7-03-007129-8
000 00605nam0 2200205 450
001 0735592734
005 20070906095312.73
010    @a7-03-007129-8@d¥28.00
100    @a20070906d km y0chiy0120 ea
101 0  @achi
200 1  @a电动力学题解@Adian dong li xue ti jie@f林璇莫,张之翔编著@Flin xuan mo,zhang zhi xiang bian zhu
210    @a北京@c科学出版社@d1999
215    @a543页@d20cm
606 0  @a电磁学
606 0  @a电动力学
690    @aO442-44@v3
701  0 @a林璇莫@Alin xuan mo@4编著
701  0 @a张之翔@Azhang zhi xiang@4编著
801  0 @aCN@bPFT@c20070906
905    @a213230@dO442-44@ep7@f1
    
    电动力学题解/林璇莫,张之翔编著.-北京:科学出版社,1999
    543页;20cm
    
    
    ISBN 7-03-007129-8:¥28.00
    
●
相关链接 在E读中查询图书 在五车中查询图书 在当当中查询图书 在豆瓣中查询图书


正题名:电动力学题解     索取号:O442-44/p7         预约/预借

序号 登录号 条形码 馆藏地/架位号 状态 备注
1 7200376   272003761   密集书库-物理学院/ [索取号:O442-44/p7] 在馆    
2 7200408   272004083   密集书库-物理学院/ [索取号:O442-44/p7] 在馆    
3 7200463   272004635   密集书库-物理学院/ [索取号:O442-44/p7] 在馆    
4 7200464   272004644   密集书库-物理学院/ [索取号:O442-44/p7] 在馆    
5 7200799   272007990   密集书库-物理学院/ [索取号:O442-44/p7] 在馆    
6 7200800   272008007   密集书库-物理学院/ [索取号:O442-44/p7] 在馆    
7 7201635   272016356   密集书库-物理学院/ [索取号:O442-44/p7] 在馆    
8 7201873   272018728   密集书库-物理学院/ [索取号:O442-44/p7] 在馆    
9 7201874   272018737   密集书库-物理学院/ [索取号:O442-44/p7] 在馆    
唐山师范学院图书馆 欢迎您!
大连网信软件有限公司© 版权所有